Polskie miasta na wschód od Warszawy – nagła śmierć - Statystyki

Ogólne statystyki
  • Ten quiz został rozwiązany 46 razy
  • Średni wynik to 17 z 25
Answers on the Grid
Answers color-coded by a green-red scale on the quiz's grid according to % correct below.
Lublin
Białystok
Augustów
Rzeszów
Kielce
Kraków
Ostrołęka
Olsztyn
Siedlce
Puławy
Zamość
Chełm
Sandomierz
Ostrów Mazowiecka
Grodzisk Mazowiecki
Ełk
Suwałki
Łomża
Kraśnik
Krosno
Przemyśl
Tarnobrzeg
Nowy Sącz
Wadowice
Pisz
Radzyń Podlaski
Otwock
Ząbki
Garwolin
Mińsk Mazowiecki
Ożarów Mazowiecki
Pułtusk
Bartoszyce
Końskie
Oświęcim
Częstochowa
Radomsko
Tomaszów Mazowiecki
Skierniewice
Żyrardów
Sochaczew
Płock
Sierpc
Żuromin
 
Statystyki odpowiedzi
Odpowiedź % Poprawnych
Lublin
87%
Suwałki
87%
Zamość
87%
Białystok
85%
Rzeszów
85%
Augustów
82%
Radzyń Podlaski
82%
Mińsk Mazowiecki
77%
Chełm
72%
Puławy
72%
Siedlce
72%
Kraśnik
69%
Przemyśl
69%
Ostrołęka
67%
Tarnobrzeg
67%
Ełk
64%
Krosno
64%
Łomża
64%
Sandomierz
64%
Ostrów Mazowiecka
62%
Otwock
62%
Pisz
59%
Ząbki
59%
Garwolin
51%
Pułtusk
28%
Nie znaleziono quizów pasujących do podanych kryteriów
Rozkład punktacji
Procent ludzi z każdym wynikiem
Percentyl według liczby udzielonych odpowiedzi
Twoja historia wyników
Nie rozwiązałeś tego quizu